Представление документа в формате RUSMARC

ПолеНазваниеЗначение
  Тип записи a
  Библиографический уровень m
001 Контрольный номер RU/УОНБ/EK_N/635424237
005 Дата корректировки 20240130235135.7
013 Номер (ISMN) __
d Цена 97 р.
100 Данные общей обработки __
a Данные общей обработки 20200219d2005 u y0rusy0189||||ca
101 Язык документа 0_
a Язык текста rus
f Язык титульного листа rus
102 Страна публикации __
a Страна публикации RU
105 Кодированные данные (монография) __
a Кодированные данные (монография) y###||||000|y
125 Кодированные данные звукозаписи и нотных изданий __
a Форма изложения нотного текста с|
128 Кодированные данные (звукозаписи-физические характеристики) __
a Кодированные данные: Музыкальная форма и тональность или лад zz
b Инструменты или голоса, необходимые для ансамблей (устаревшее) sa||
b Инструменты или голоса, необходимые для ансамблей (устаревшее) sc||
b Инструменты или голоса, необходимые для ансамблей (устаревшее) ka||
c Инструменты или голоса, рекомендуемые для солистов (устаревшее) ka||
c Инструменты или голоса, рекомендуемые для солистов (устаревшее) sa||
c Инструменты или голоса, рекомендуемые для солистов (устаревшее) sb||
200 Заглавие и сведения об ответственности 1_
a Заглавие № 4
b Общее обозначение материала Ноты
e Сведения, относящиеся к заглавию произведения для фп., скрипки, альта, ансамбля
210 Выходные данные 1_
d Дата издания 2005
215 Физическое описание __
a Объем 72 с., 1 парт. (8 с.)
327 Примечание о содержании 11
a Примечание о содержании Содерж. : Произведения для фортепиано : Брамс И. Тема и вариации ; Рахманинов С. Вторая Соната. - Произведения для скрипки : Корелли А. Соната № 5 ; Соната № 6. - Произведения для альта и фортепиано : Хиндемит П. Соната. - Произведения для инструментального ансамбля : Френкель Я. Журавли.
461 Уровень набора _0
1 001RU/УОНБ/EK_N/635345671
1 200
a Нотный альбом
b Ноты
v № 4
1 210
a М.
c Научтехлитиздат
d 2005 -
464 Аналитический уровень _0
1 2001
a Тема и вариации
e из Секстета Op. 18
e для фп.
1 700 1
a Брамс
b И.
1 702 1
a Брамс
b И.
4 030
464 Аналитический уровень _0
1 2001
a Соната № 5
e для скрипки
1 700 1
a Корелли
b А.
464 Аналитический уровень _0
1 2001
a Соната
e Op. 25 № 4
e для альта и фп.
1 700 1
a Хиндемит
b П.
464 Аналитический уровень _0
1 2001
a Журавли
e для инструм. ансамбля
1 700 1
a Френкель
b Я.
1 702 1
a Лившиц
b Ю.
4 030
464 Аналитический уровень _0
1 2001
a Вторая Соната
e Op. 36
e для фп.
1 700 1
a Рахманинов
b С.
464 Аналитический уровень _0
1 2001
a Соната № 6
e для скрипки
1 700 1
a Корелли
b А.
512 Заглавие обложки 1_
a Заглавие обложки Нотный альбом
606 Тематические рубрики 0_
a Основная рубрика Фортепиано
x Основная подрубрика Произведения
606 Тематические рубрики 0_
a Основная рубрика Скрипка
x Основная подрубрика Произведения
606 Тематические рубрики 0_
a Основная рубрика Альт
x Основная подрубрика Произведения
606 Тематические рубрики 0_
a Основная рубрика Ансамбли инструментальные
x Основная подрубрика Произведения
610 Ключевые слова 0_
a Ключевые слова фортепиано
610 Ключевые слова 0_
a Ключевые слова скрипка
610 Ключевые слова 0_
a Ключевые слова альт
610 Ключевые слова 0_
a Ключевые слова ансамбли инструментальные
610 Ключевые слова 0_
a Ключевые слова произведения
686 Индексы других классификаций __
a Классификационный индекс 85.9я43
2 Код системы rubbk
801 Источник записи _0
a Страна RU
b Организация Ульяновская ОНБ
c Дата составления 20200219
g Правила каталогизации RCR
801 Источник записи _1
a Страна RU
b Организация Ульяновская ОНБ
c Дата составления 20200219
g Правила каталогизации RCR
901 Тип документа __
t Тип документа n
w Контрольный № источника RU/УОНБ/EK_N/635345671
909 Создатель записи __
a Создатель записи Грязнова И. Е.
938 Служебная информация __
a Имя БД noti
b Имя библиотеки УОНБ
c Имя АИБС МАРК-SQL
d Номер DOC_ID в БД 22006